00558 2200217 4500001002100000005001500021035002000036007000300056008004100059020002200100082001000122084001600132100001500148245006400163260003400227300002900261650001200290700001400302990001200316990001200328INLIS00000000000194320180516091739 a0010-0518000013ta180516 g 0 ind  a978-602-70857-6-3 a398.2 a398.2 DIN b0 aDINU, Chan1 aBukan Mantra Bukan Sihir /cDinu Chan; penyunting, Kak Zudi aYogyakarta :bPro-Kids,c2015 a174 hlm :bilus ;c20 cm aDONGENG0 aKAK, Zudi a16775 a a16775 b